Bảy thói quen của những người thành đạt: Phục hồi đạo đức tính cách Những bài học bổ ích về biến đổi cá nhân

Na minha lista:
Detalhes bibliográficos
Autor principal: Stephen R Covey
Formato: Livro
Idioma:Undetermined
Publicado em: Hà Nội Thống Kê 1996
Assuntos:
Tags: Adicionar Tag
Sem tags, seja o primeiro a adicionar uma tag!
Thư viện lưu trữ: Trung tâm Học liệu Trường Đại học Cần Thơ
LEADER 00630nam a2200181Ia 4500
001 CTU_32882
008 210402s9999 xx 000 0 und d
082 |a 650.1 
082 |b C873 
100 |a Stephen R Covey 
245 0 |a Bảy thói quen của những người thành đạt: Phục hồi đạo đức tính cách 
245 0 |b Những bài học bổ ích về biến đổi cá nhân 
245 0 |c Stephen R Covey 
260 |a Hà Nội 
260 |b Thống Kê 
260 |c 1996 
650 |a executives,success in business 
980 |a Trung tâm Học liệu Trường Đại học Cần Thơ